000 00483nam a2200181Ia 4500
005 20250508152949.0
008 008 250505s9999 xx 000 0 hin d
037 _aTextual
040 _aFEDL
_beng
_cFEDL
041 _ahin
_2eng
084 _aFH, TAR
_qFEDL
100 _aTarun Bhai
_9762861
245 0 _aJeev-jagat jalchar
260 _aVaranasi, India
_bSarvodya Sahitya Prakashan
_c1961
300 _a44p
942 _cTEXL
_hFH, TAR
999 _c1339867
_d1339867